AC Milan Squad 2017-2018 - Statistics

General Stats
  • This quiz has been taken 35 times
  • The average score is 21 of 31
Answer Stats
# Position Nation Player % Correct
90 GK Italy Antonio Donnarumma
97%
79 MF Ivory Coast Franck Kessié
97%
99 GK Italy Gianluigi Donnarumma
97%
10 FW Turkey Hakan Çalhanoğlu
97%
2 DF Italy Davide Calabria
93%
68 DF Switzerland Ricardo Rodríguez
90%
9 FW Portugal André Silva
83%
17 DF Colombia Cristián Zapata
83%
8 FW Spain Suso
83%
13 DF Italy Alessio Romagnoli
77%
22 DF Argentina Mateo Musacchio
77%
19 DF Italy Leonardo Bonucci
73%
21 MF Argentina Lucas Biglia
73%
- Coach Italy Gennaro Gattuso
70%
63 FW Italy Patrick Cutrone
67%
12 DF Italy Andrea Conti
63%
73 MF Italy Manuel Locatelli
63%
7 FW Croatia Nikola Kalinić
63%
18 MF Italy Riccardo Montolivo
63%
5 MF Italy Giacomo Bonaventura
60%
46 DF Italy Matteo Gabbia
57%
- Coach Italy Vincenzo Montella
57%
1 GK Brazil Gabriel
53%
15 DF Parguay Gustavo Gómez
53%
11 FW Italy Fabio Borini
50%
20 DF Italy Ignazio Abate
50%
29 DF Italy Gabriel Paletta
40%
4 MF Italy José Mauri
40%
31 DF Italy Luca Antonelli
40%
30 GK Italy Marco Storari
37%
45 MF Italy Niccolò Zanellato
17%
No matching quizzes found
Score Distribution
Percent of People with Each Score
Percentile by Number Answered
Your Score History
You have not taken this quiz